La distribution organisation et stratégie
Gespeichert in:
| 1. Verfasser: | |
|---|---|
| Weitere Verfasser: | , |
| Format: | Buch |
| Sprache: | Französisch |
| Veröffentlicht: |
Caen
Éditions EMS - Management & Societe
2012
|
| Ausgabe: | 2e éd. |
| Schriftenreihe: | Les essentiels de la gestion
|
| Schlagworte: | |
| Tags: |
Keine Tags, Fügen Sie das erste Tag hinzu!
|
MARC
| LEADER | 00000nam a2200000 4500 | ||
|---|---|---|---|
| 001 | 0235022 | ||
| 005 | 20240314094352.8 | ||
| 020 | |a 978-2-84769-403-1 | ||
| 041 | 0 | |a fre | |
| 044 | |a FR | ||
| 245 | 1 | 0 | |a La distribution |b organisation et stratégie |c Marc Filser, Véronique des Garets, Gilles Paché |
| 250 | |a 2e éd. | ||
| 264 | 1 | |a Caen |b Éditions EMS - Management & Societe |c 2012 | |
| 300 | |a 393 s. | ||
| 490 | 1 | |a Les essentiels de la gestion | |
| 830 | 0 | |a Les essentiels de la gestion | |
| 610 | 2 | 0 | |a distribúcia |
| 610 | 2 | 0 | |a predaj |
| 610 | 2 | 0 | |a riadenie predaja |
| 610 | 2 | 0 | |a dodávatelia |
| 610 | 2 | 0 | |a marketing |
| 610 | 2 | 0 | |a stratégia marketingová |
| 100 | 1 | |a Filser, Marc | |
| 700 | 1 | |a des Garets, Véronique | |
| 700 | 1 | |a Paché, Gilles | |